عرض عادي
عرض مارك
- Bonham, Paul.
مدخل إسم شخص
001 - رقم الضبط
- حقل الضبط: 45912
003 - معرف رقم الضبط
- حقل الضبط: OSt
005 - تاريخ ووقت أخر عملية
- حقل الضبط: 20140624115133.0
008 - عناصر بيانات ثابتة الطول
- حقل تحكم ثابت الطول: 140624|||a|||||| | ||| d
040 ## - مصدر الفهرسة
- هيئة الفهرسة الأصلية: OSt
- وكالة الكتابة: OSt
100 ## - مدخل -- أسم شخص
- إسم شخص: Bonham, Paul.
670 ## - بيانات المصدر موجوده
- الاستشهاد بالمصدر: Work cat.: (OSt)0: Stacey, Gemma. 45907, Placement learning in mental health nursing :, 2012.
